Loading...
| Philosophy | 2 | 4 | 0 | 1 | 70 | 45 | 100.33 | 3 | 6 |
| Religion | 0 | 5 | 0 | 2 | 50 | 92 | 113.20 | 3 | 5 |
| Science - Other Science | 1 | 3 | 0 | 1 | 45 | 51 | 90.00 | 0 | 4 |
| Current Events | 0 | 4 | 0 | 1 | 40 | 81 | 97.50 | 0 | 4 |
| Geography | 1 | 2 | 0 | 1 | 35 | 81 | 105.33 | 1 | 3 |
| Social Science | 1 | 2 | 1 | 1 | 30 | 49 | 95.33 | 1 | 3 |
| History - American History | 2 | 0 | 1 | 0 | 25 | 59 | 67.00 | 1 | 2 |
| Fine Arts - Auditory Fine Arts | 0 | 2 | 0 | 0 | 20 | 141 | 144.50 | 0 | 2 |
| History - Ancient History | 0 | 2 | 0 | 1 | 20 | 111 | 132.00 | 0 | 2 |
| Literature - American Literature | 0 | 2 | 0 | 1 | 20 | 132 | 138.50 | 1 | 2 |
| Literature - European Literature | 1 | 0 | 0 | 0 | 15 | 49 | 49.00 | 1 | 1 |
| Other Academic | 0 | 1 | 0 | 0 | 10 | 106 | 106.00 | 1 | 1 |
| Literature - World Literature | 0 | 2 | 2 | 0 | 10 | 99 | 129.50 | 1 | 2 |
| History - European History | 0 | 1 | 0 | 1 | 10 | 139 | 139.00 | 0 | 1 |
| Science - Biology | 0 | 1 | 0 | 0 | 10 | 100 | 100.00 | 0 | 1 |
| Science - Physics | 0 | 1 | 0 | 0 | 10 | 111 | 111.00 | 0 | 1 |
| History - World History | 0 | 1 | 1 | 1 | 5 | 140 | 140.00 | 1 | 1 |
| Fine Arts - Visual Fine Arts | 0 | 1 | 1 | 1 | 5 | 158 | 158.00 | 0 | 1 |
| Literature - British Literature | 0 | 0 | 0 | 0 | 0 | 0.00 | 0 | 0 | |
| Mythology | 0 | 0 | 1 | 0 | -5 | 0.00 | 0 | 0 |